|
|
|
|
| LEADER |
00000cam a2200000 7i4500 |
| 001 |
0000054108 |
| 005 |
20151102.0 |
| 008 |
151102 |
| 020 |
|
|
|a 9789673651924
|
| 090 |
0 |
0 |
|a AME
|b MAL
|
| 100 |
1 |
|
|a Ameera Ameer
|
| 245 |
1 |
4 |
|a Misi curi hati dia
|c Ameera Ameer
|
| 260 |
|
|
|a Kuala Lumpur :
|b Fajar Pakeer Publishers ,
|c 2014
|
| 490 |
0 |
|
|a Novel
|
| 500 |
|
|
|a Dewasa
|
| 650 |
|
0 |
|a Dewasa
|x Fiction
|
| 650 |
|
0 |
|a Novel cinta
|
| 999 |
|
|
|a 0001366922
|b Book
|c Adult Collection
|e Perbadanan Perpustakaan Awam Johor
|
| 999 |
|
|
|a 0001366924
|b Book
|c Adult Collection
|e Perbadanan Perpustakaan Awam Johor
|
| 999 |
|
|
|a 0001366925
|b Book
|c Adult Collection
|e Cawangan Urban Transformation Centre
|
| 999 |
|
|
|a 0001366927
|b Book
|c Adult Collection
|e Cawangan Urban Transformation Centre
|
| 999 |
|
|
|a 0001366928
|b Book
|c Adult Collection
|e Cawangan Urban Transformation Centre
|
| 999 |
|
|
|a 0001367736
|b Book
|c Adult Collection
|e Cawangan Tmn. Ungku Tun Aminah
|
| 999 |
|
|
|a 0001367737
|b Book
|c Adult Collection
|e Cawangan Segamat
|
| 999 |
|
|
|a 0001367739
|b Book
|c Adult Collection
|e Cawangan Sri Merlong
|
| 999 |
|
|
|a 0001367740
|b Book
|c Children Collection
|e Cawangan Kota Tinggi
|
| 999 |
|
|
|a 0001367741
|b Book
|c Adult Collection
|e Cawangan Bukit Gambir
|
| 999 |
|
|
|a 0001367742
|b Book
|c Adult Collection
|e Cawangan Tangkak
|
| 999 |
|
|
|a 0001367743
|b Book
|c Adult Collection
|e Cawangan Muar
|
| 999 |
|
|
|a 0001367744
|b Book
|c Adult Collection
|e Cawangan Bandar Penawar
|
| 999 |
|
|
|a 0001367746
|b Book
|c Adult Collection
|e Cawangan Bandar Tenggara
|
| 999 |
|
|
|a 0001367747
|b Book
|c Adult Collection
|e Cawangan Mersing
|
| 999 |
|
|
|a 000137741
|b Book
|c Adult Collection
|e Cawangan Bukit Gambir
|
| 999 |
|
|
|a 0001592413
|b Book
|c Adult Collection
|e Cawangan Bandar Tenggara
|